<?xml version="1.0" encoding="UTF-8"?><marc:collection xmlns:marc="http://www.loc.gov/MARC21/slim">
  <marc:record>
    <marc:leader>00000nam  2200000zi 4500</marc:leader>
    <marc:controlfield tag="001">9.950868</marc:controlfield>
    <marc:controlfield tag="003">CaOODSP</marc:controlfield>
    <marc:controlfield tag="005">20250605143816</marc:controlfield>
    <marc:controlfield tag="006">m     o  d f      </marc:controlfield>
    <marc:controlfield tag="007">cr cn ||||||||</marc:controlfield>
    <marc:controlfield tag="008">250506t20252025nkcabd  ob   f000 0 eng d</marc:controlfield>
    <marc:datafield tag="020" ind1=" " ind2=" ">
      <marc:subfield code="a">9780660771786</marc:subfield>
    </marc:datafield>
    <marc:datafield tag="040" ind1=" " ind2=" ">
      <marc:subfield code="a">CaOODSP</marc:subfield>
      <marc:subfield code="b">eng</marc:subfield>
      <marc:subfield code="e">rda</marc:subfield>
      <marc:subfield code="c">CaOODSP</marc:subfield>
    </marc:datafield>
    <marc:datafield tag="041" ind1=" " ind2=" ">
      <marc:subfield code="a">eng</marc:subfield>
      <marc:subfield code="b">eng</marc:subfield>
      <marc:subfield code="b">fre</marc:subfield>
    </marc:datafield>
    <marc:datafield tag="043" ind1=" " ind2=" ">
      <marc:subfield code="a">n-cn-ns</marc:subfield>
    </marc:datafield>
    <marc:datafield tag="086" ind1="1" ind2=" ">
      <marc:subfield code="a">Fs97-6/3697E-PDF</marc:subfield>
    </marc:datafield>
    <marc:datafield tag="100" ind1="1" ind2=" ">
      <marc:subfield code="a">Haigh, Susan Patricia,</marc:subfield>
      <marc:subfield code="d">1964- </marc:subfield>
      <marc:subfield code="e">author.</marc:subfield>
    </marc:datafield>
    <marc:datafield tag="245" ind1="1" ind2="0">
      <marc:subfield code="a">FVCOM model of Shelburne, Nova Scotia / </marc:subfield>
      <marc:subfield code="c">by Susan P. Haigh, Mitchell P.A. O'Flaherty-Sproul, Danar Pratomo, Fred H. Page, Randy J. Losier, David Greenberg, Blythe D. Chang, and Brent Law.</marc:subfield>
    </marc:datafield>
    <marc:datafield tag="264" ind1=" " ind2="1">
      <marc:subfield code="a">St Andrews, NB : </marc:subfield>
      <marc:subfield code="b">Fisheries and Oceans Canada, Saint Andrews Biological Station, </marc:subfield>
      <marc:subfield code="c">2025.</marc:subfield>
    </marc:datafield>
    <marc:datafield tag="264" ind1=" " ind2="4">
      <marc:subfield code="c">©2025</marc:subfield>
    </marc:datafield>
    <marc:datafield tag="300" ind1=" " ind2=" ">
      <marc:subfield code="a">1 online resource (xi, 81 pages) : </marc:subfield>
      <marc:subfield code="b">illustrations, maps, graphs.</marc:subfield>
    </marc:datafield>
    <marc:datafield tag="336" ind1=" " ind2=" ">
      <marc:subfield code="a">text</marc:subfield>
      <marc:subfield code="b">txt</marc:subfield>
      <marc:subfield code="2">rdacontent</marc:subfield>
    </marc:datafield>
    <marc:datafield tag="337" ind1=" " ind2=" ">
      <marc:subfield code="a">computer</marc:subfield>
      <marc:subfield code="b">c</marc:subfield>
      <marc:subfield code="2">rdamedia</marc:subfield>
    </marc:datafield>
    <marc:datafield tag="338" ind1=" " ind2=" ">
      <marc:subfield code="a">online resource</marc:subfield>
      <marc:subfield code="b">cr</marc:subfield>
      <marc:subfield code="2">rdacarrier</marc:subfield>
    </marc:datafield>
    <marc:datafield tag="490" ind1="1" ind2=" ">
      <marc:subfield code="a">Canadian technical report of fisheries and aquatic sciences, </marc:subfield>
      <marc:subfield code="x">1488-5379 ; </marc:subfield>
      <marc:subfield code="v">3697</marc:subfield>
    </marc:datafield>
    <marc:datafield tag="504" ind1=" " ind2=" ">
      <marc:subfield code="a">Includes bibliographical references (pages 60-61).</marc:subfield>
    </marc:datafield>
    <marc:datafield tag="520" ind1="3" ind2=" ">
      <marc:subfield code="a">"An FVCOM model was developed for Shelburne, Nova Scotia. The model included tidal and non-tidal forcing at the lateral open boundaries, wind forcing at the sea surface, and fresh water input from the Roseway River. The simulation period was from 1 August 2014 to 1 January 2015. Model results were compared against observed sea surface height, water currents, temperature, salinity and density"--Abstract, page x.</marc:subfield>
    </marc:datafield>
    <marc:datafield tag="546" ind1=" " ind2=" ">
      <marc:subfield code="a">Includes abstracts in English and French.</marc:subfield>
    </marc:datafield>
    <marc:datafield tag="650" ind1=" " ind2="0">
      <marc:subfield code="a">Baroclinic models</marc:subfield>
      <marc:subfield code="x">Evaluation.</marc:subfield>
    </marc:datafield>
    <marc:datafield tag="650" ind1=" " ind2="0">
      <marc:subfield code="a">Tides</marc:subfield>
      <marc:subfield code="z">Nova Scotia</marc:subfield>
      <marc:subfield code="z">Shelburne (County)</marc:subfield>
    </marc:datafield>
    <marc:datafield tag="650" ind1=" " ind2="0">
      <marc:subfield code="a">Particulate matter</marc:subfield>
      <marc:subfield code="z">Nova Scotia</marc:subfield>
      <marc:subfield code="z">Shelburne (County)</marc:subfield>
    </marc:datafield>
    <marc:datafield tag="650" ind1=" " ind2="6">
      <marc:subfield code="a">Modèles baroclines</marc:subfield>
      <marc:subfield code="x">Évaluation.</marc:subfield>
    </marc:datafield>
    <marc:datafield tag="650" ind1=" " ind2="6">
      <marc:subfield code="a">Marées</marc:subfield>
      <marc:subfield code="z">Nouvelle-Écosse</marc:subfield>
      <marc:subfield code="z">Shelburne (Comté)</marc:subfield>
    </marc:datafield>
    <marc:datafield tag="650" ind1=" " ind2="6">
      <marc:subfield code="a">Matière organique particulaire</marc:subfield>
      <marc:subfield code="z">Nouvelle-Écosse</marc:subfield>
      <marc:subfield code="z">Shelburne (Comté)</marc:subfield>
    </marc:datafield>
    <marc:datafield tag="710" ind1="1" ind2=" ">
      <marc:subfield code="a">Canada. </marc:subfield>
      <marc:subfield code="b">Department of Fisheries and Oceans. </marc:subfield>
      <marc:subfield code="b">Biological Station (St. Andrews, N.B.), </marc:subfield>
      <marc:subfield code="e">issuing body.</marc:subfield>
    </marc:datafield>
    <marc:datafield tag="830" ind1="#" ind2="0">
      <marc:subfield code="a">Canadian technical report of fisheries and aquatic sciences,</marc:subfield>
      <marc:subfield code="x">1488-5379 ; </marc:subfield>
      <marc:subfield code="v">3697.</marc:subfield>
      <marc:subfield code="w">(CaOODSP)9.504449</marc:subfield>
    </marc:datafield>
    <marc:datafield tag="856" ind1="4" ind2="0">
      <marc:subfield code="q">PDF</marc:subfield>
      <marc:subfield code="s">7.70 MB</marc:subfield>
      <marc:subfield code="u">https://publications.gc.ca/collections/collection_2025/mpo-dfo/fs97-6/Fs97-6-3697-eng.pdf</marc:subfield>
    </marc:datafield>
  </marc:record>
</marc:collection>
